000 00467nam a22001697a 4500
005 20250328095627.0
008 250328b |||||||| |||| 00| 0 eng d
020 _a9780071289504
050 _aHD30
_b.28.P3395 PEA
100 _aPearce, A. John
245 _aStrategic management;
_bformulation, implementation and control
250 _a12th
260 _aBoston
_bMcGraw-Hill
_cc2011
300 _axxi, 30-19p
700 _aRobinson Richard B.
942 _2lcc
_cBK
_n0
999 _c5282
_d5282